000 00605nam a22001577a 4500
999 _c7778
_d7778
003 GBCCL
005 20241126110636.0
008 180920b ||||| |||| 00| 0 eng d
040 _cgbc
082 _a920
_bKHA
245 _aGrace all the way :
_bA festschrift ( collection of articles, reminiscences, tributes and anecdotes ) in honour of Rev. Dr Kh, Khaizakham on his 70th birthday and in thanksgiving celebration of 44 years of his preaching ministry/
_cedited by Dino L.Touthang
260 _aLamka :
_bJ Lhungdim ,
_c2018.
300 _a186p. ;
650 _aKhaizakham, Kh.
_913564
942 _2ddc
_cBK